| 000 | 00508nam a22001937a 4500 | ||
|---|---|---|---|
| 999 |
_c154 _d154 |
||
| 003 | OSt | ||
| 005 | 20180808151321.0 | ||
| 008 | 180808b ||||| |||| 00| 0 eng d | ||
| 020 | _a1854244213 | ||
| 040 | _cDLC | ||
| 082 |
_a248.4 _bA545V |
||
| 100 | _aAnderson, Neil T. | ||
| 245 |
_aVictory over the Darkness: _bwith study guide _cDr. Neil T. Darkness |
||
| 260 |
_aCalifornia _bRegal Books _c1990 |
||
| 300 | _a347 p.: | ||
| 650 | _aPastoral counseling | ||
| 700 | _aDr Neil T. Anderson | ||
| 942 |
_2ddc _cBK |
||